Egypt since Cromer /
Saved in:
Main Author:
Format: Book
Language: English
Published:
New York :
[AMS Press],
1970.
Subjects:
Tags: Add Tag
No Tags, Be the first to tag this record!
Call Number: DT107 .L78 v.1-2
| LEADER | 00764nam a22002417a 4500 | ||
|---|---|---|---|
| 003 | OSt | ||
| 005 | 20260405113038.0 | ||
| 008 | 260405t1970 nyub g 000 0 eng d | ||
| 010 | |a 75107074 | ||
| 040 | |c ARCE Library | ||
| 043 | |a f-ua--- | ||
| 050 | 1 | 4 | |a DT107 |b .L78 v.1-2 |
| 100 | 1 | |a Lloyd of Dolobran, George, |c Baron, |d 1879-1941. |e author | |
| 245 | 1 | 0 | |a Egypt since Cromer / |c by Lord Lloyd. |
| 264 | 1 | |a New York : |b [AMS Press], |c 1970. | |
| 300 | |a 2 volumes : |b folded maps ; |c 23 cm. | ||
| 500 | |a "Intended as a sequel to [Lord Cromer's] Modern Egypt." | ||
| 500 | |a Reprint of the 1933 ed. | ||
| 651 | 0 | |a Egypt |x History |y British occupation, 1882-1936. | |
| 651 | 0 | |a Egypt |x History |y 1919-1952. | |
| 901 | |a reviewed | ||
| 942 | |c BK |2 lcc | ||
| 999 | |c 16659 |d 16659 | ||
